[Event "AUTO-ADV-1661"]
[Site "http://www.queenalice.com/game.php?id=734624"]
[Date "2010.2.19"]
[Round "1"]
[White "sandromm"]
[Black "feripe"]
[Result "0-1"]
[WhiteElo "1775"]
[BlackElo "1921"]

1. e4 e6 2. Nc3 Nc6 3. Nf3 b6 4. d4 Bb7 5. Bb5 a6 6. Bd3 Nb4 7. O-O Nxd3 8. Qxd3
Nf6 9. Bg5 Be7 10. e5 Ng8 11. Bxe7 Qxe7 12. Ne2 f6 13. exf6 Nxf6 14. Ng3 a5 15.
Ne5 Ba6 16. c4 O-O 17. b3 Nd5 18. Qc2 Nb4 19. Qe2 d6 20. Nf3 d5 21. Qe5 Nc6 22.
Qg5 Qxg5 23. Rfe1 Qe7 24. a3 dxc4 25. b4 axb4 26. axb4 Bb5 27. Rad1 Nxb4 28. Rb1
Bc6 29. Ne5 Bd5 30. Rxb4 Qxb4 31. Rf1 Qc3 32. Nd7 Rf3 33. gxf3 Qxf3 0-1

[Event "AUTO-ADV-1661"]
[Site "http://www.queenalice.com/game.php?id=734625"]
[Date "2010.2.19"]
[Round "1"]
[White "feripe"]
[Black "sandromm"]
[Result "1/2-1/2"]
[WhiteElo "1931"]
[BlackElo "1768"]

1. Nf3 d5 2. d4 Nf6 3. g3 e6 4. Bg2 Be7 5. O-O Nc6 6. Re1 O-O 7. Ne5 Nxe5 8.
dxe5 Nd7 9. f4 c6 10. Nc3 b6 11. a3 b5 12. b4 a5 13. Bd2 Nb6 14. Rf1 a4 15. Be1
Nc4 16. Bf2 Re8 17. e4 dxe4 18. Bxe4 Qxd1 19. Rfxd1 Bb7 20. Rd7 Bf8 21. Rxb7 Nd2
22. Bxc6 Red8 23. Rxb5 Rac8 24. Rc5 Bxc5 25. Bxc5 Rxc6 26. Kf2 Nc4 27. Ne4 g6
28. Bd6 Nxd6 29. Nxd6 Rxc2+ 30. Kg1 Rd7 31. b5 Rdc7 32. b6 Rd7 33. b7 Rb2 34.
Rc1 Rbxb7 35. Nxb7 Rxb7 36. Rc8+ Kg7 37. Ra8 Rb1+ 38. Kg2 Rb2+ 39. Kh3 h6 40.
Rxa4 Ra2 41. Ra7 1/2-1/2

[Event "AUTO-ADV-1694"]
[Site "http://www.queenalice.com/game.php?id=747854"]
[Date "2010.3.18"]
[Round "1"]
[White "feripe"]
[Black "Felipe_Carvalho"]
[Result "1-0"]
[WhiteElo "1937"]
[BlackElo "1772"]

1. e4 c5 2. Nf3 d6 3. d4 cxd4 4. Nxd4 Nf6 5. Nc3 a6 6. Bg5 e5 7. Nb3 Be6 8. Bxf6
Qxf6 9. Qd2 Nd7 10. Nd5 Bxd5 11. Qxd5 Rb8 12. O-O-O Qxf2 13. Rd2 Qf6 14. Be2 Be7
15. Rf1 Qg6 16. Bf3 Bg5 17. Na5 Bxd2+ 18. Kxd2 Nf6 19. Qc4 O-O 20. Qb4 b5 21.
Rd1 Qh6+ 22. Ke2 Qxh2 23. Nc6 Rb7 24. Qxd6 Nh5 25. Qxf8+ 1-0

[Event "AUTO-ADV-1694"]
[Site "http://www.queenalice.com/game.php?id=747855"]
[Date "2010.3.18"]
[Round "1"]
[White "Felipe_Carvalho"]
[Black "feripe"]
[Result "0-1"]
[WhiteElo "1854"]
[BlackElo "1995"]

1. e4 d6 2. d4 Nf6 3. Nc3 c6 4. Nf3 Bg4 5. Bc4 b5 6. Bd3 Bxf3 7. Qxf3 e5 8. d5
a6 9. Bg5 Be7 10. O-O-O c5 11. Qg3 c4 12. Be2 Nbd7 13. f4 b4 14. Bxf6 Bxf6 15.
Na4 exf4 16. Qxf4 Bg5 17. Qxg5 Qxg5+ 18. Kb1 O-O 19. Bxc4 Rfe8 20. Bd3 a5 21.
Bb5 Re7 22. Bxd7 Rxd7 23. Nb6 Raa7 24. Nxd7 Rxd7 25. g3 Re7 26. Rhe1 Qh5 27. h4
Rxe4 28. Kc1 Qe5 29. Rxe4 Qxe4 30. b3 f6 31. Kb1 Qe3 32. Rd3 Qe1+ 33. Kb2 Qe5+
34. Kb1 Kf7 35. Kc1 a4 36. bxa4 Qa1+ 37. Kd2 Qxa2 38. Kd1 Qxa4 39. Kc1 h5 40.
Rd4 Qa3+ 41. Kd2 Qc3+ 42. Ke2 Qxd4 43. Kf3 Kg6 44. Ke2 Kf5 0-1

[Event "AUTO-ADV-1694"]
[Site "http://www.queenalice.com/game.php?id=747856"]
[Date "2010.3.18"]
[Round "1"]
[White "feripe"]
[Black "miguel7"]
[Result "0-1"]
[WhiteElo "2005"]
[BlackElo "1862"]

1. d4 c5 2. d5 d6 3. c4 e6 4. Nc3 Nf6 5. Bg5 h6 6. Bh4 Be7 7. e4 Qa5 8. Bd3 O-O
9. Nf3 Re8 10. O-O a6 11. Re1 b5 12. cxb5 e5 13. a4 Bg4 14. h3 Bxf3 15. Qxf3
Nfd7 16. Bg3 Nb6 17. Bc2 N8d7 18. b3 axb5 19. axb5 Qb4 20. Qd3 c4 21. bxc4 Nxc4
22. Ra4 Rxa4 23. Nxa4 Qxe1+ 0-1

[Event "AUTO-ADV-1694"]
[Site "http://www.queenalice.com/game.php?id=747857"]
[Date "2010.3.18"]
[Round "1"]
[White "miguel7"]
[Black "feripe"]
[Result "1-0"]
[WhiteElo "1911"]
[BlackElo "1942"]

1. e4 e6 2. Qe2 c5 3. Nc3 Nc6 4. Nf3 g6 5. d3 Bg7 6. Be3 d6 7. Bd2 Nge7 8. a3
Nd4 9. Nxd4 cxd4 10. Nb5 a6 11. Nxd6+ Qxd6 12. Bb4 Qd8 13. Bxe7 Qxe7 14. e5 b5
15. Qe4 Bb7 16. Qxd4 O-O 17. O-O-O Qc7 18. Re1 Rad8 19. Qc3 Bc6 20. f4 Qb7 21.
Rg1 Rc8 22. g4 Bd5 23. Qb4 Qb6 24. d4 f5 25. g5 Rf7 26. Qd2 Rfc7 27. c3 Bc4 28.
Rg3 Bxf1 29. Rxf1 Bf8 30. d5 b4 31. d6 bxc3 32. bxc3 Rd7 33. Qb2 Qa5 34. Qb4 Qd5
35. Rd1 Qa2 36. Rd2 Qa1+ 37. Kc2 Qf1 38. Qa5 Qxf4 39. Qxa6 Qe4+ 40. Kc1 Ra8 41.
Qe2 Qxe2 42. Rxe2 Rxa3 43. Rc2 Ra5 44. Re3 Ra1+ 45. Kb2 Rg1 46. c4 Rb7+ 47. Kc3
Bxd6 48. exd6 Kf7 49. Rd3 Rgb1 50. Kd4 Ke8 51. c5 1-0

[Event "AUTO-ADV-1694"]
[Site "http://www.queenalice.com/game.php?id=747858"]
[Date "2010.3.18"]
[Round "1"]
[White "feripe"]
[Black "negaadelaide"]
[Result "1-0"]
[WhiteElo "1924"]
[BlackElo "1852"]

1. e4 c5 2. Nf3 e6 3. d4 cxd4 4. Nxd4 Nc6 5. Nc3 a6 6. Nxc6 bxc6 7. a3 Bc5 8.
Bd3 Nf6 9. Bg5 O-O 10. e5 h6 11. exf6 hxg5 12. Qh5 g6 13. Bxg6 Bxf2+ 14. Ke2 1-0

[Event "AUTO-ADV-1694"]
[Site "http://www.queenalice.com/game.php?id=747859"]
[Date "2010.3.18"]
[Round "1"]
[White "negaadelaide"]
[Black "feripe"]
[Result "0-1"]
[WhiteElo "1875"]
[BlackElo "1946"]

1. d4 d5 2. Nf3 Nf6 3. c4 c6 4. e3 Bf5 5. h3 e6 6. Nc3 Bb4 7. Bd2 Ba5 8. Ne5 Bc7
9. Be2 Nbd7 10. Nxd7 Qxd7 11. Bf3 Bd3 12. Be2 Bxc4 13. Bxc4 dxc4 14. O-O Nd5 15.
Nxd5 cxd5 16. a3 Qd6 17. g3 h5 18. Bb4 Qd8 19. Rc1 Qg5 20. Qf3 h4 21. g4 a5 22.
Bd2 f5 23. Rcd1 fxg4 0-1

[Event "QA-ANNIV-05"]
[Site "http://www.queenalice.com/game.php?id=758949"]
[Date "2010.4.10"]
[Round "4"]
[White "feripe"]
[Black "sergio_damian"]
[Result "1-0"]
[WhiteElo "1996"]
[BlackElo "1812"]

1. d4 d5 2. c4 Nf6 3. Nc3 Nc6 4. Nf3 Bf5 5. e3 Nb4 6. Qa4+ Nc6 7. cxd5 Nxd5 8.
Nxd5 Qxd5 9. Bc4 Qd6 10. Bd2 O-O-O 11. b4 Kb8 12. b5 Be4 13. bxc6 Bxc6 14. Bb5
Bxf3 15. gxf3 e5 16. Bc3 exd4 17. Bxd4 a6 18. Rb1 Ka8 19. Bd3 Be7 20. Be4 c6 21.
Rb6 Rd7 22. Rxa6+ bxa6 23. Bxc6+ Rb7 24. Qxa6+ 1-0

[Event "AUTO-ADV-1661"]
[Site "http://www.queenalice.com/game.php?id=801473"]
[Date "2010.7.10"]
[Round "2"]
[White "andrevillares"]
[Black "feripe"]
[Result "1-0"]
[WhiteElo "2053"]
[BlackElo "1954"]

1. d4 d5 2. c4 c6 3. Nc3 Nf6 4. Nf3 h6 5. Bf4 e6 6. e3 Nbd7 7. cxd5 exd5 8. Bd3
Qb6 9. Qe2 Bb4 10. O-O Bxc3 11. bxc3 Ne4 12. c4 Ndf6 13. Ne5 g5 14. Bg3 1-0

[Event "AUTO-OPEN-2308"]
[Site "http://www.queenalice.com/game.php?id=916390"]
[Date "2011.3.23"]
[Round "1"]
[White "Pinehill"]
[Black "feripe"]
[Result "0-1"]
[WhiteElo "2053"]
[BlackElo "1944"]

1. d4 d5 2. c4 c6 3. Nf3 Bf5 4. cxd5 cxd5 5. Nc3 Nf6 6. e3 e6 7. Nh4 Bg4 8. Bb5+
Nc6 9. Qa4 Qb6 10. h3 Bh5 11. O-O g5 12. Nf3 Bxf3 13. gxf3 Rg8 14. e4 a6 15. Be3
O-O-O 16. Bxc6 bxc6 17. b4 Nh5 18. exd5 exd5 19. Rfc1 Rg6 20. b5 axb5 21. Nxb5
Kd7 22. Rab1 Rb8 23. Nc3 Qd8 24. Nxd5 Rxb1 25. Qxc6+ Rxc6 26. Rxb1 Rc2 27. a4
Qa5 28. Rb5 Qe1+ 29. Kg2 Nf4+ 0-1

[Event "AUTO-OPEN-2308"]
[Site "http://www.queenalice.com/game.php?id=916391"]
[Date "2011.3.23"]
[Round "1"]
[White "feripe"]
[Black "Pinehill"]
[Result "1-0"]
[WhiteElo "1925"]
[BlackElo "2005"]

1. d4 Nf6 2. c4 d5 3. Nc3 Bf5 4. Nf3 e6 5. Nh4 Bg6 6. Nxg6 hxg6 7. Bf4 Nbd7 8.
e3 Bb4 9. c5 c6 10. a3 Bxc3+ 11. bxc3 Qa5 12. Qb3 Ne4 13. f3 Nxc3 14. Qb4 Qxb4
15. axb4 a6 16. Bd3 O-O-O 17. Rxa6 bxa6 18. Bxa6# 1-0

[Event "AUTO-OPEN-2308"]
[Site "http://www.queenalice.com/game.php?id=916418"]
[Date "2011.3.23"]
[Round "1"]
[White "ReiNato"]
[Black "feripe"]
[Result "0-1"]
[WhiteElo "1845"]
[BlackElo "1964"]

1. e4 e6 2. Nf3 Nc6 3. Bc4 Na5 4. Bb3 g6 5. O-O Bg7 6. c4 Nxb3 7. Qxb3 b6 8. d4
Bb7 9. e5 d5 10. c5 Ne7 11. cxb6 axb6 12. a4 O-O 13. Nc3 Ba6 14. Rd1 Bc4 15. Qc2
Qd7 16. b3 Ba6 17. Be3 Nc6 18. h3 Nb4 19. Qd2 Rfc8 20. Nb5 Bf8 21. Bg5 c6 22.
Nd6 Bxd6 23. exd6 f6 24. Bxf6 Qxd6 25. Be5 Qe7 26. Qh6 Be2 27. Rd2 Bxf3 28. gxf3
Rf8 29. f4 Rf5 30. Kh2 Rh5 31. Qxh5 gxh5 32. Rg1+ Kf8 33. Rg7 Qxg7 34. Bd6+ Kf7
35. Bxb4 Rg8 36. f3 Qg1# 0-1

[Event "AUTO-OPEN-2308"]
[Site "http://www.queenalice.com/game.php?id=916419"]
[Date "2011.3.23"]
[Round "1"]
[White "feripe"]
[Black "ReiNato"]
[Result "1-0"]
[WhiteElo "1977"]
[BlackElo "1837"]

1. e4 c6 2. d4 e6 3. c4 Bb4+ 4. Bd2 Bxd2+ 5. Qxd2 Ne7 6. Nc3 O-O 7. Nf3 Ng6 8.
e5 f5 9. Bd3 d5 10. h4 Bd7 11. h5 Ne7 12. h6 g6 13. c5 Na6 14. Ne2 Rb8 15. Nf4
Qc8 16. Qa5 Qc7 17. Qd2 Qc8 18. Bxa6 bxa6 19. a4 Qb7 20. O-O Qc7 21. Nh3 Be8 22.
b4 Bf7 23. Nhg5 Rb7 24. Nxf7 Rxf7 25. Ng5 Qd7 26. Nxf7 Kxf7 27. Qg5 Ng8 28. Rab1
Qe7 29. f4 Qxg5 30. fxg5 Ne7 31. Rf3 Rb8 32. Kf2 Ke8 33. Rfb3 Kd7 34. b5 axb5
35. axb5 Kc7 36. b6+ axb6 37. Rxb6 Rxb6 38. cxb6+ Kb7 39. g3 Nc8 40. Ke3 Nxb6
41. Kd3 Kc7 42. Kc3 Nc4 43. Kb4 Nd2 44. Ra1 Kb7 45. Ka5 Ne4 46. Rb1+ Ka7 47. Rb6
Nxg5 48. Rxc6 Kb7 49. Kb5 Ka7 50. Rd6 Kb7 51. Rd7+ Kc8 52. Kc6 Ne4 53. Rxh7 Nxg3
54. Rh8# 1-0

[Event "AUTO-OPEN-2308"]
[Site "http://www.queenalice.com/game.php?id=916438"]
[Date "2011.3.23"]
[Round "1"]
[White "feripe"]
[Black "Vitocknick"]
[Result "1-0"]
[WhiteElo "1975"]
[BlackElo "1537"]

1. Nf3 d5 2. g3 Nf6 3. Bg2 c6 4. d4 Nbd7 5. c4 e6 6. Bg5 Bb4+ 7. Nfd2 h6 8. Bxf6
Qxf6 9. e3 h5 10. Nc3 a6 11. c5 h4 12. Qb3 hxg3 13. hxg3 Rxh1+ 14. Bxh1 Bxc3 15.
bxc3 Rb8 16. f4 Qh6 17. O-O-O Qh2 18. Nf3 Qe2 19. Re1 Qb5 20. Bg2 Qxb3 21. axb3
b6 22. cxb6 Rxb6 23. Kc2 a5 24. Ra1 Ra6 25. Bf1 Ra7 26. Nd2 Nf6 27. Be2 1-0

[Event "AUTO-OPEN-2308"]
[Site "http://www.queenalice.com/game.php?id=916439"]
[Date "2011.3.23"]
[Round "1"]
[White "Vitocknick"]
[Black "feripe"]
[Result "0-1"]
[WhiteElo "1535"]
[BlackElo "2000"]

1. e4 c6 2. d4 d5 3. e5 Bf5 4. Bd3 Bxd3 5. Qxd3 e6 6. Nf3 Bb4+ 7. Nc3 h6 8. a3
Ba5 9. b4 Bb6 10. b5 Ne7 11. a4 c5 12. dxc5 Bxc5 13. O-O Ng6 14. g3 Nd7 15. a5
Ndxe5 16. Nxe5 Nxe5 17. Qe2 Qf6 18. Be3 d4 19. Ne4 Qf3 20. Qxf3 Nxf3+ 21. Kg2
dxe3 22. fxe3 Bxe3 23. Rxf3 Bd4 24. Rd1 O-O-O 25. c3 Be5 26. Rxd8+ Rxd8 27. Rxf7
Rd5 28. c4 Rd4 29. Nc5 Rxc4 30. Nxe6 Rc2+ 31. Kh3 Ra2 32. a6 bxa6 33. Rxa7 Rb2
34. Nxg7 Rxb5 0-1

[Event "Challenge"]
[Site "http://www.queenalice.com/game.php?id=917535"]
[Date "2011.3.26"]
[Round "-"]
[White "Ebbe"]
[Black "feripe"]
[Result "0-1"]
[WhiteElo "1900"]
[BlackElo "1987"]

1. e4 e6 2. d4 d5 3. e5 c5 4. Nf3 Nc6 5. a3 Be7 6. Bb5 Qb6 7. Bxc6+ Qxc6 8. O-O
b6 9. Be3 Qb5 10. b3 Ba6 11. a4 Qxf1+ 12. Qxf1 Bxf1 13. Kxf1 Rc8 14. c3 cxd4 15.
Bxd4 Nh6 16. h3 Nf5 17. a5 bxa5 18. Rxa5 Nxd4 19. Nxd4 Bc5 20. Nb5 O-O 21. Nxa7
Bxa7 22. Rxa7 Ra8 23. Rxa8 Rxa8 24. Ke2 Ra2+ 25. Ke3 Rb2 26. Nd2 Kf8 27. f4 Ke7
28. g4 f6 29. b4 fxe5 30. fxe5 g5 31. Nf3 h6 32. h4 Rc2 33. Kd3 Rg2 34. hxg5
hxg5 35. Nxg5 Rg3+ 36. Kc2 Rxg4 37. Nf3 Rg3 38. Nd4 Re3 39. Nc6+ Kd7 40. b5 Re4
41. Kd3 Rc4 42. Na7 Kc7 43. Nc6 Rc5 44. Nd4 Kd7 45. Kc2 Rc4 46. b6 Rc8 47. Nb5
Rb8 48. Nd6 Rxb6 49. Kd3 Rxd6 50. exd6 Kxd6 51. c4 dxc4+ 52. Kxc4 Ke5 53. Kd3
Kf4 54. Ke2 Ke4 55. Ke1 Ke3 56. Kf1 e5 57. Ke1 e4 58. Kd1 Kf2 59. Kd2 e3+ 0-1

[Event "AUTO-OPEN-2308"]
[Site "http://www.queenalice.com/game.php?id=961952"]
[Date "2011.7.19"]
[Round "2"]
[White "feripe"]
[Black "yannigator"]
[Result "0-1"]
[WhiteElo "1998"]
[BlackElo "1774"]

1. d4 Nf6 2. c4 g6 3. Nc3 d5 4. cxd5 Nxd5 5. e4 Nf6 6. Nf3 Bg7 7. Be3 O-O 8. Bc4
Bg4 9. O-O Nbd7 10. h3 Be6 11. d5 Nxe4 12. Nxe4 Bf5 13. Ng3 Nb6 14. Bb3 Bxb2 15.
Rb1 Bxb1 16. Qxb1 Bg7 17. Re1 Nxd5 18. Rd1 c6 19. Bxd5 cxd5 20. Qxb7 e6 0-1

[Event "AUTO-OPEN-2308"]
[Site "http://www.queenalice.com/game.php?id=961953"]
[Date "2011.7.19"]
[Round "2"]
[White "yannigator"]
[Black "feripe"]
[Result "1-0"]
[WhiteElo "1799"]
[BlackElo "1973"]

1. e4 c6 2. d4 d5 3. Nc3 e6 4. e5 Nd7 5. Nf3 b6 6. Be3 Bb7 7. Be2 h6 8. O-O Be7
9. Qd3 Nf8 10. Rae1 Nh7 11. Nd1 Ng5 12. Kh1 Ne4 13. Nc3 f5 14. Nd2 g6 15. Ncxe4
fxe4 16. Qb3 Bg5 17. c4 Ne7 18. cxd5 1-0